000 00983nam a2200289 i 4500
001 144017
003 ES-MaACL
005 20250824201639.0
007 t|
008 151230s1988 sp d |||| | spa d
020 _a84-368-0429-5
080 _a655.5
100 1 _aMangada Sanz, Alfonso.
_9158424
245 1 0 _aCálculo editorial
_b: fundamentos económicos de la edición /
_cAlfonso Mangada Sanz.
250 _a2ª ed. rev.
260 _aMadrid :
_bFundación Germán Sánchez Ruipérez,
_c1988.
300 _a539 p. :
_bgráf. ;
_c22 cm.
490 1 _aBiblioteca del libro. "Maior" ;
_vK
500 _aÍndice.
504 _aBibliografía: p. 533-534.
650 0 4 _aEdición-
_xAspectos económicos.
_9160341
710 2 _aFundación Germán Sánchez Ruipérez.
_94313
830 0 0 _aBiblioteca del libro.
_pSerie maior
_vK
_9187321
852 _aES-MaACL
_jA-13536
_91449222
_cDEPO1
_dOlim: N-6536
942 _2udc
_cMONOGRAFIA
999 _c144017
_d144017